000 00715nam a22001937a 4500
005 20131015145635.0
010 _aB_527667
020 _a9788132109488
_c450.00
035 _aB-527667
037 _aRP/Karol Bagh
082 _a351
100 _aChakrabarty,Bidyut
245 _aPublic administration in a globalizing world :
_btheories and practices /
_cby Bidyut Chakrabarty and Prakash Chand
260 _aNew Delhi
_bSAGE Pub.
_c2012
270 _aBI/I-1 Mohan Cooperative Ind. Area Mathura Road,
_bNew Delhi
_e110044
300 _a547p.
_b21cm(pbk)
942 _2ddc
_cEN
_h351
_mCHA
999 _c79547
_d79547